Statistics for FNAF Characters ULTRA (Part 1, FNAF 1 Greenlight Page - SL Trailer)

Click here to take the quiz!

General Stats

  • This quiz has been taken 9 times
    (5 since last reset)
  • The average score is 57 of 500

Answer Stats

Source (General)Source (Specific)Character% Correct
Bonnie the Bunny
100%
Chica the Chicken
100%
Foxy the Pirate Fox
100%
RosterFreddy Fazbear
100%
Golden Freddy/Yellow Bear
100%
Mike
100%
Caller During Your First Four NightsPhone Guy
100%
Something TerribleBaby
67%
Fishing ShopkeeperDeeDee
67%
Endo-01
67%
Easter EggsJJ
67%
Mr. Cupcake
67%
RosterToy Freddy
67%
Withered Freddy
67%
Adventure BB
33%
Adventure Bonnie
33%
Adventure Chica
33%
AttacksAdventure Cupcake
33%
Adventure Endo-01
33%
Adventure Endo-02
33%
Adventure Fan
33%
Adventure Foxy
33%
Adventure Fredbear
33%
Adventure Freddles
33%
FNAF WorldRosterAdventure Freddy
33%
Adventure Funtime Foxy
33%
Adventure Golden Freddy
33%
RosterAdventure Jack-O’ Bonnie
33%
Adventure Jack-O’ Chica
33%
Carried by Adventure Jack-O’ ChicaAdventure Jack-O’ Lantern
33%
Adventure JJ
33%
Byte ShopkeeperAdventure Lolbit
33%
Adventure Mangle
33%
Adventure Nightmare
33%
Adventure Nightmare BB
33%
Adventure Nightmare Bonnie
33%
Adventure Nightmare Chica
33%
Exclusive to the Designs of Variations of Adventure Nightmare ChicaAdventure Nightmare Cupcake
33%
Adventure Nightmare Foxy
33%
Adventure Nightmare Fredbear
33%
Adventure Nightmare Freddy
33%
Adventure Nightmarionne
33%
Adventure Paperpals
33%
Adventure Phantom BB
33%
Adventure Phantom Chica
33%
Adventure Phantom Foxy
33%
Adventure Phantom Freddy
33%
Adventure Phantom Mangle
33%
Adventure Phantom Puppet
33%
Adventure Plushtrap
33%
Adventure Puppet
33%
Adventure Purple Guy
33%
Adventure Shadow Freddy
33%
Adventure Springbonnie
33%
Adventure Springtrap
33%
Adventure Toy Bonnie
33%
Adventure Toy Chica
33%
Adventure Toy Freddy
33%
Adventure Withered Bonnie
33%
Adventure Withered Chica
33%
Adventure Withered Foxy
33%
6:00 AM SoundAlarm Clock
33%
Animdude
33%
First BossAuto Chipper
33%
Ballboy
33%
EnemiesBall Boy
33%
Balloon Boy
33%
Bear
33%
Fazbear Hills EnemiesBouncepot
33%
Third BossBouncer
33%
Sixth BossBrowboy
33%
Brow Boy
33%
Funhouse BossesBubba
33%
Butterflies
33%
Chica’s Magic RainbowChica’s Magic Rainbow
33%
Secret BossChipper’s Revenge
33%
Choppy’s Woods EnemiesChop N’ Roll
33%
Coffee
33%
Another Day MinigamesCrying Child
33%
Update 2Desk Man
33%
Pinwheel Circus EnemiesDogfight
33%
Endo-02
33%
Endoplush
33%
Foxy.exeFoxy.exe
33%
Fredbear
33%
RosterFreddles
33%
Fritz Smith
33%
Gearrat
33%
Gold Endo
33%
Updates, Platform Variations, and DLC
Five Nights at Freddy’s 4: Halloween EditionJack-O’ Bonnie
33%
Jack-O’ Chica
33%
FNAF 1 Halloween UpdateJack O’ Lantern
33%
Five Nights at Freddy’s 2ProtagonistsJeremy Fitzgerald
33%
Fifth BossMad Endo
33%
Mangle
33%
Upgrade ShopkeeperMendo
33%
Five Nights at Freddy’sProtagonistMike Schmidt
33%
Mimic Ball
33%
Geist Layer EncountersNeon
33%
Nightmare
33%
Nightmare BB
33%
Nightmare Bonnie
33%
Nightmare Chica
33%
Nightmare Cupcake
33%
Nightmare Foxy
33%
Nightmare Fredbear
33%
Nightmare Freddy
33%
Nightmare Mangle
33%
Nightmarionne
33%
Old Man Consequences
33%
Overclock
33%
Phantom BB
33%
Phantom Chica
33%
Phantom Foxy
33%
Phantom Freddy
33%
Phantom Mangle
33%
Phantom Puppet
33%
Night 1 and 2 CallerPhone Dude
33%
Plushtrap
33%
Porkpatch
33%
Reaper
33%
Redbear
33%
Rot
33%
Fourth BossSeagoon
33%
Lilygear Lake EnemiesSeaweed
33%
Final BossesSecurity
33%
Shadow Cupcake
33%
Shadow Freddy
33%
Button Guardian BossesSnowcone
33%
Souldozer
33%
RosterSpringtrap
33%
Supergoon
33%
Pinwheel Funhouse EnemiesTangle
33%
The
Pearl
33%
Miscellaneous ObjectsThe Fan
33%
Can be fished upThe Fish
33%
Miscellaneous ObjectsThe Paperpals
33%
The Puppet
33%
Toy Bonnie
33%
Toy Chica
33%
Toy Cupcake
33%
FNAF 1 TrailerTrailer Bonnie
33%
UFO
33%
Virtua Freddy
33%
White Rabbit
33%
Withered Bonnie
33%
Withered Chica
33%
Withered Foxy
33%
Withered Golden Freddy
33%
초원위의 나무
0%
!2222
0%
Teasers, Trailers, and Promotional Materialswhatcanweuse.jpg3
0%
FNAF 57: Freddy in Space57 Space Freddy
0%
Adventure Crying Child
0%
Adventure RWQFSFAXC
0%
Adventure Scott Cawthon
0%
Adventure Space Freddy
0%
BB’s Air AdventureAir BB
0%
%_^^&(
0%
Anchovy
0%
Another Day Backstage Parts
0%
Another Day Fredbear
0%
Another Day Fredbear Plush
0%
Another Day Minigames (HE)Another Day Halloween Decor
0%
Another Day Mangle Toy
0%
Another Day Plush Friends
0%
Another Day Purple Guy
0%
Another Day Springbonnie
0%
Bad EndingBad End Heads
0%
Balloon Kid
0%
Bard Chica
0%
MechanicBarking Dogs
0%
Foxy FightersBaron Foxy
0%
Baron JJ
0%
Baron Nightmare Chica
0%
Baron Toy Chica
0%
Basic Ballboy
0%
Bat
0%
BB Plush
0%
Beakless Toy Chica
0%
Blacktomb Yard EnemiesBeartrap
0%
Big Jack
0%
Deep-Metal Mine EnemiesBlacktrap
0%
Blob
0%
Block 10
0%
Block 20
0%
4th Set of BytesBlock 5
0%
Bonnie Bully
0%
Bonnie Kid
0%
Bonnie Plush
0%
Bonnie Stand
0%
Bonnie Toy
0%
BOOM
0%
7th Set of BytesBossDrain-01
0%
BossDrain-02
0%
BossDrain-X
0%
Boxbyte
0%
BTS Bonnie A
0%
BTS Bonnie A 2
0%
BTS Chica
0%
BTS Chica 2
0%
BTS Cupcake
0%
BTS Foxy
0%
BTS Foxy 2
0%
Interviews, Posts, and Official StatementsFNAF 2nd Anniversary Behind the Scenes ImagesBTS Freddy
0%
BTS Springtrap A
0%
EventsBugs
0%
Bunny
0%
Take Cake to the ChildrenCake Bear
0%
Celebrate Poster
0%
Celebrating Kids
0%
Challengers
0%
Cheat Classics
0%
Cheattrap
0%
Cheesehead
0%
Chica Bully
0%
Chica Kid
0%
Chica Lamp
0%
Chica Plush
0%
The Final TrophyChica’s Magic Rainbow Trophy
0%
Chica Toy
0%
Chillax
0%
Chipper Trophy
0%
Classic Drawings
0%
Clock MinigamesClock BB
0%
Clock MinigamesClock Cupcakes
0%
Clock EndingClock Keeper
0%
Clock MinigamesClock RWQFSFAXC
0%
Clock Trophy
0%
Colossal
0%
Consequences Trophy
0%
Crabapple
0%
Easter EggsCrumpled Freddy Suit
0%
Easter EggsCrying Posters
0%
Cupcake Drawing
0%
Defeated Chica’s Magic Rainbow
0%
Drawings 2
0%
Drawings 3
0%
Easy Mode Trophy
0%
The One Behind it AllEnding Bouncepot
0%
Endo Army
0%
초원위의 나무.exe
0%
Eyeless Toy Bonnie
0%
Eyeless Withered Foxy
0%
Eyeless Withered Freddy
0%
Second BossEyesore
0%
Reward for Unlocking all CharactersFan Trophy
0%
Five Nights at Freddy’s 1, 2, 3, and 4 Xbox 1 and PS4 Port AchievementsFeddy Four Nights
0%
FNAF World Halloween EditionDifficultiesFighter Freddy
0%
Fingertrap
0%
Fingertrap Kid
0%
Dusting Fields EnemiesFlan
0%
Flower Vase
0%
Flying Mechrab
0%
Follow Me Bonnie
0%
Follow Me Chica
0%
Follow Me Foxy
0%
Follow MeFollow Me Freddy
0%
Follow Me Ghost Kids
0%
Follow Me Rats
0%
Follow Me Springbonnie
0%
Foxy Bullies
0%
Foxy Kid
0%
Foxy Lamp
0%
Custom Night Challenge RewardFoxy Plush
0%
Fredbear & Friends Gang
0%
Fredbear Flower
0%
Fredbear Performer
0%
FNAF World MobileFredbear’s Grandma
0%
Freddy Bully
0%
FNAF 3 Troll GameProtagonist (...?)Freddydude
0%
Freddy Kid
0%
Freddy Lamp
0%
Updates, Platform Variations, and DLCFNAF 1 Mobile PortFreddy Plush
0%
Freddy Stand
0%
Freddy Toy
0%
Ghost Freddy
0%
Ghosts
0%
Give Gifts. Give Life.Give Gifts Kids
0%
Glitchbear
0%
1st Set of BytesGnat
0%
Foxy Go! Go! Go!Go! Go! Go! Foxy
0%
Go! Go! Go! Kids
0%
Golden Cupcake Drawing
0%
Golden Freddy Kid
0%
Golden Freddy Plush
0%
Golden Heady
0%
Golden Mechrab
0%
Goldmine
0%
Good EndingGood Ending Heads
0%
6:00 AM SoundsGrandfather Clock
0%
Graveweed
0%
Teasers, Trailers, and Promotional MaterialsFNAF 1 Steam Greenlight PageGreenlight Freddy
0%
*&___TWRE Enemies>>>>>>
0%
Half-Bake
0%
Halloween Mad Endo
0%
Halloween Prototype
0%
BossesHalloween Purplegeist
0%
Halloween Redbear
0%
Halloween Security
0%
Halloween Tangle
0%
Hallucination Bonnie Gang
0%
Hallucination Freddy
0%
dark.jpgHangle
0%
Happiest Day Misfits
0%
Hard Mode Trophy
0%
Him
0%
Hotdog
0%
IV Drip
0%
AttackJack-O’ Bomb
0%
FNAF 2 Halloween UpdateJack O’ Lantern 2
0%
Updates, Platform Variations, and DLCFNAF 3 Halloween UpdateJack-O’ Lantern 3
0%
Jack-O’ Lantern 4
0%
Jangle
0%
Jetpack Chop N’ Roll
0%
KA-BOOM
0%
Kitty
0%
Large Robot
0%
Laughing Bully
0%
FNAF 1 Unused MechanicLives Guy
0%
Interviews, Posts, and Official StatementsFake Hacker Account used to post the first two troll gamesLOLZ_HAX
0%
Madjack
0%
Madness
0%
Mage Bonnie
0%
Magic Butterfly
0%
Magic Sunflower
0%
Mangle’s Eye
0%
Mechrab
0%
Medpod
0%
Mega Medpod
0%
Merengue
0%
Mysterious Mine EnemiesMetalman
0%
5th Set of BytesMini-FO
0%
Minigame Marionette
0%
RXQ’s MinigameMinigame RWQFSFAXC
0%
Minigame Voice
0%
2nd Set of BytesMini-Medpod
0%
Mini-P
0%
Mini-Rainbows
0%
3rd Set of BytesMini Reaper
0%
Mr. Chipper
0%
Mudpie
0%
Munchies
0%
Neon Bee
0%
Neon Wasp
0%
Easter EggsNightmare Phone Guy
0%
First MeetingNPC Fredbear
0%
Overworld Auto Chipper
0%
Dusting Fields SpriteOverworld Bouncer
0%
Pinwheel Funhouse SpriteOverworld Bubba
0%
Overworld DeeDee
0%
Overworld Fredbear
0%
Fazbear Hills Overworld SpritesOverworld Freddy
0%
Overworld Lolbit
0%
Overworld Mendo
0%
The Path to the GuardiansOverworld Porkpatch
0%
Parachute Gearrat
0%
Parts Box
0%
Chica’s PartyParty Chica
0%
Party Hat A
0%
Party Hat B
0%
Party Kid
0%
Party Shadow Cupcakes
0%
Pearl Byte
0%
Rewards for Fishing up The Pearl five timesPearl Trophy
0%
P. Goon
0%
Pigtail Kid
0%
Pill Bottle
0%
Pink Guy
0%
Playground Kid
0%
6th Set of BytesPop-Pop
0%
Poster Springbonnie Duo
0%
FNAF_World.jpgPresents
0%
Prototype
0%
Happiest DayPuppet Kid
0%
Puppet Mask
0%
Purple Freddy
0%
Purplegeist
0%
Quad Endo
0%
Quarry
0%
Quest Kid
0%
Mangle’s QuestQuest Mangle
0%
Rainbow eyes
0%
Reinforced Endo
0%
Rendered BTS Bonnie A
0%
Rendered BTS Springtrap A
0%
RWQFSFAXC
0%
RXQ Action Figure
0%
SAVE THEM Golden Freddy
0%
SAVE THEM Mangle
0%
SAVE THEM Purple Guy
0%
SAVE THEM Toy Bonnie
0%
SAVE THEM Toy Chica
0%
SAVE THEM Toy Freddy
0%
SAVE THEM Victims
0%
SAVE THEM Withered Bonnie
0%
SAVE THEM Withered Chica
0%
SAVE THEM Withered Foxy
0%
SAVE THEMSAVE THEM Withered Freddy
0%
Scott’s Head
0%
Seagulls
0%
Security Camera
0%
Shadow BBs
0%
Shadow Golden Freddy Kid
0%
Shadow Puppet
0%
Shadow Tree
0%
Slumber Turtle
0%
Snake
0%
Soul Freddy
0%
Space Cupcakes
0%
Space Flan
0%
Space Kitty
0%
Space Metalman
0%
Space Poopets
0%
Spaceships
0%
Space UFO
0%
MechanicSpare Freddy Fazbear Head
0%
Split Head Freddy
0%
Springbonnie
0%
Springbonnie Performer
0%
ExtrasSpringtrap 2
0%
Stage 01Stage Fredbear
0%
Stage Kids
0%
Stage Springbonnie
0%
Endo UpgradesStandard Endo
0%
Steel Endo
0%
UnusedStringed Puppet
0%
Game Over ScreenStuffed Freddy
0%
Stump Seagull
0%
The FlipsideSubtunnel Freddy
0%
The FlipsideSubtunnel Freddy 2
0%
The FlipsideSubtunnel Freddy 3
0%
The FlipsideSubtunnel Freddy 4
0%
Teasers, Trailers, and Promotional MaterialsName Reveal TeaserTeaser Circus Baby
0%
Little of me in Every Body TeaserTeaser Ennard
0%
Release Date TeaserTeaser Ennard Mask
0%
Teaser Freddles
0%
Teasers, Trailers, and Promotional Materialsinthedark.jpgTeaser Jack-O’ Bonnie Head
0%
Teasers, Trailers, and Promotional Materialsfnaf2.jpg TeaserTeaser Mangle
0%
Teaser Nightmare Bonnie
0%
Teaser Nightmare Chica
0%
Teaser Nightmare Cupcake
0%
Teaser Nightmare Foxy
0%
Teaser Nightmare Fredbear
0%
Teasers, Trailers, and Promotional Materials4.jpg TeasersTeaser Nightmare Freddy
0%
gotopieces.jpgTeaser Nightmare Mangle
0%
Tentacle
0%
Thank You Endo-01
0%
Teasers, Trailers, and Promotional Materialsthankyou.jpgThank You Golden Freddy
0%
dontwakethebaby.jpgthebaby
0%
Interviews, Posts, and Official StatementsScrapped Character Ideas for FNAF 1
(Revealed in “An Interview with Scott Cawthon”)
The Beaver
0%
Miscellaneous “Objects”The Bobbleheads
0%
The Children
0%
The Clocks
0%
Strange Entity in Dusting FieldsThe Dancing One
0%
Totally not BowserThe Dragons
0%
Five Nights at Freddy’s 4ProtagonistThe Dreamer
0%
The Empty Heads
0%
Mentioned by Phone GuyThe Engineers
0%
Five Nights at Freddy’s 3ProtagonistThe Frights Guard
0%
The Key
0%
The Lake Figure
0%
The Mysterious Speaker
0%
Unknown CallerThe Night 5 Caller
0%
Sister Location: Mature EditionProtagonistThe Survivor
0%
Mentioned in the Phone Guy TapesThe Temporary Costumes
0%
The Wolf
0%
Avian Creature in Choppy’s WoodsThe Yellow Bird
0%
Titanium Endo
0%
Tombstack
0%
Sister Location TrailerTormented Voice
0%
Tornado
0%
Totemole
0%
Toy Bonnie Action Figures
0%
Toy Funtime Foxy
0%
Trailer Ballora
0%
Trailer Circus Baby
0%
Trailer Funtime Foxy
0%
Trailer Funtime Freddy
0%
FNAF World TrailerTrailer Heads
0%
FNAF 2 TrailerTrailer Kids
0%
Trailer Prototype
0%
Trailer Withered Bonnie
0%
What if two of the same Fredbear were in the same place at the same time?Universe End Fredbear
0%
Universe End Trophy
0%
Updated Butterflies
0%
Updates, Platform Variations, and DLCGraphic UpdateUpdated Overworld Freddy
0%
Viewport Bonnie
0%
Viewport Chica
0%
Wind-up Mouse
0%
Wireframe BTS Bonnie A
0%
Wireframe BTS Chica
0%
Wireframe BTS Cupcake
0%
Wireframe BTS Foxy
0%
Wireframe BTS Freddy
0%
Wireframe Fan
0%
Xangle
0%
X-FO
0%
X-Reaper
0%
Zombie
0%

Score Distribution

Percentile by Number Answered

Percent of People with Each Score

Your Score History

You have not taken this quiz since the last reset